|
|
|
|
| LEADER |
00000cam a2200000 a 4500 |
| 001 |
vtls001465174 |
| 003 |
SK-MaSNL |
| 005 |
20260302073239.0 |
| 008 |
220701s2003 xo a 00000 fre |
| 015 |
|
|
|a SNBE2004/02-00612
|
| 020 |
|
|
|a 8088878772
|
| 035 |
|
|
|a SNK000420479
|
| 040 |
|
|
|a SNK
|b slo
|c SNK
|e AACR2
|
| 041 |
1 |
|
|a fre
|h slo
|
| 044 |
|
|
|a xo
|c SK
|
| 072 |
|
7 |
|a 821.162.4.09
|x Slovenská literatúra (o nej)
|2 konspekt
|
| 080 |
|
|
|a 821.162.4
|2 2011
|
| 080 |
|
|
|a (036)
|2 2011
|
| 080 |
|
|
|a (041)
|2 2011
|
| 080 |
|
|
|a (048.8)
|2 2011
|
| 245 |
0 |
3 |
|a La littérature slovaque contemporaine
|c Vladimír Petrík ; traduction Grégory Hartmann
|
| 250 |
|
|
|a [1. vyd.]
|
| 260 |
|
|
|a Bratislava
|b Literárne informačné centrum
|c 2003
|
| 300 |
|
|
|a 21 s.
|b ilustr.
|c 21 cm
|
| 500 |
|
|
|a Preložené pravdepodobne zo slovenčiny
|
| 648 |
|
7 |
|a 20.-21. storočie
|2 SNKPH
|9 302531
|
| 650 |
0 |
7 |
|a slovenská literatúra
|2 SNKPH
|9 1115
|
| 655 |
|
7 |
|a informačné publikácie
|2 SNKPH
|9 70181
|
| 655 |
|
7 |
|a brožúry
|2 SNKPH
|9 70146
|
| 655 |
|
7 |
|a prehľady
|2 SNKPH
|9 70194
|
| 700 |
1 |
|
|a Hartmann, Grégory
|4 trl
|9 737424
|
| 700 |
1 |
|
|a Petrík, Vladimír,
|d 1929-2017
|4 com
|9 171168
|
| 710 |
0 |
|
|a Literárne informačné centrum (Bratislava, Slovensko)
|4 pbl
|9 87435
|
| 919 |
|
|
|a 80-88878-77-2
|
| 958 |
|
|
|a LX
|
| 958 |
|
|
|a OP
|
| 958 |
|
|
|a FR
|
| 958 |
|
|
|a PETRIKAev/2003
|
| 999 |
|
|
|c 1160068
|d 1161998
|
| 952 |
|
|
|t P60, <03>, [BOOK], {603}
|a SNK
|b SNK
|y PREZ
|7 0
|p 17A0405747
|o snkOSC 22381
|i snkKSP 15682/2003
|0 0
|1 0
|4 0
|d 2003-12-11
|l 0
|r 2005-01-02 00:00:00
|w 2026-02-24
|
| 952 |
|
|
|t P60, <04>, [BOOK], {604}
|a SNK
|b SNK
|y VYP
|7 0
|p 17A0405746
|o snkOSC 22381 D1
|i snkKSP 15683/2003
|0 0
|1 0
|4 0
|d 2003-12-11
|l 0
|r 2005-01-02 00:00:00
|w 2026-02-24
|